| 000 | 00876nam a22002177a 4500 | ||
|---|---|---|---|
| 999 |
_c93655 _d93655 |
||
| 003 | NALT | ||
| 005 | 20250623092527.0 | ||
| 008 | 170904b th ||||| |||| 00| 0 tha d | ||
| 020 | _a9789742036584 | ||
| 040 | _aNALT | ||
| 090 |
_aKS 31 _bส832ห 2560 |
||
| 100 | 0 |
_aสุพิศ ปราณีตพลกรัง _95948 |
|
| 245 | 1 | 0 |
_aหลักและทฤษฎีกฎหมายแพ่ง / _cสุพิศ ปราณีตพลกรัง. |
| 250 | _aพิมพ์ครั้งแรก | ||
| 260 |
_aกรุงเทพฯ : _bนิติธรรม, _c2560. |
||
| 300 |
_a78 หน้า : _bตาราง ; _c26 ซม. |
||
| 650 | 4 |
_91646 _aกฎหมายแพ่ง |
|
| 850 | _aNALT | ||
| 942 |
_2local _cLB |
||
| 998 |
_aben _cben _j104 _k นางสาวสายฝน ดีงาม |
||